| 000 | 00421nam a22001577a 4500 | ||
|---|---|---|---|
| 003 | OSt | ||
| 005 | 20140310182025.0 | ||
| 008 | 130803t xxu||||| |||| 00| 0 eng d | ||
| 020 | _a9781853044397 | ||
| 050 |
_aPS 3358 _b.C774 1992 |
||
| 082 |
_aKF C77w _b1992 |
||
| 245 |
_aWhat Katy did next / _cSusan Coolidge. |
||
| 260 |
_aWest Sussex : _bCox & Wyman Ltd, _c1992. |
||
| 300 | _a215 p. ; | ||
| 942 |
_2lcc _cBK-KF _kKF |
||
| 999 |
_c8444 _d8444 |
||